| 000 | 00846nam a22001937a 4500 | ||
|---|---|---|---|
| 999 |
_c194102 _d194102 |
||
| 005 | 20230127103712.0 | ||
| 010 | _aB-746612-617 E.N.A./7.11.22 | ||
| 020 |
_a9789355012326 _c799.00 |
||
| 035 | _aB-746612-617 | ||
| 037 | _bAakar | ||
| 082 | _a000 | ||
| 100 | _aAggarwal, R.S. | ||
| 245 |
_aQuantitative Aptitude: _bFor Competitive Examinations (Fully Solved and Updated)/ _cR.S. Aggarwal |
||
| 260 |
_aNew Delhi _bS Chand And Company Limited _c2022 |
||
| 270 |
_aBlock B-1, House No.D-1, Ground Floor, Mohan Co-operative Industrial Estate _bNew Delhi _e110044 _minfo@schandpublishing.com _k011-49731800 |
||
| 300 |
_a910p. _c27cm(pbk) |
||
| 942 |
_2ddc _cEN _mAGG |
||